000 00562nam a22002057a 4500
003 UA-OsUOA
001 53366
007 ta
008 20151013b un ||||| |||| 00| 0 ukr d
090 _a908
_bВ55
942 _cBR
040 _aUA-OsUOA
_bukr
_cUA-OsUOA
_dUA-OsUOA
245 _aВіхи історії Львова в дереворитах Михайла Барабаша
955 _a4
041 _aukr
080 _a908
260 _aНестеров
_bМіськдрукарня
_c1990
650 7 _a908 Краєзнавство
_2UDC
999 _c433483
_d433483